Свідомості Брама (Запис № 580690)

МАРК-запис
000 -Лідер
fixed length control field 02039 a2200253 4500
001 - Контрольний номер
control field 2162214035926813
003 - Ідентифікатор контрольного номера
control field UA-OsUOA
005 - Дата та час останнього входження (трансакції)
control field 20260511133424.0
008 - Елементи даних фіксованої довжини – загальна інформація
fixed length control field 260511b un ||||| |||| 00| 0 ukr d
020 ## - Міжнародний стандартний книжковий номер (ISBN)
Міжнародний стандартний книжковий номер (ISBN) (НП) 9789666213948
040 ## - Джерело каталогізації
Агенція оригінальної каталогізації UA-OsUOA
Мова каталогізації ukr
Агенція, яка здійснювала перезапис UA-OsUOA
Агенція, яка здійснювала модифікацію UA-OsUOA
041 ## - Код мови
Код мови тексту/ звукової доріжки чи окремого заголовка (П) ukr
080 ## - Індекс Універсальної десяткової класифікації
Індекс Універсальної десяткової класифікації (УДК) (НП) 130.122:159.922
090 ## - Локальний шифр розміщення
Класифікаційний індекс УДК 130.122:159.922
Авторський знак (НП) С53
100 ## - Основне введення – ім’я особи
Ім’я особи (НП) Сніжко В.
9 (RLIN) 25209
245 ## - Відомості про назву
Назва (НП) Свідомості Брама
Решта назви (НП) природничо-українознавча монографія
260 ## - Публікація, розповсюдження і т.п. (Вихідні дані)
Місце публікації, розповсюдження і т.п. (П) Київ
Ім’я/ наймення видавництва, розповсюджувача і т.п. (П) Планета-Медіа
Дата публікації, розповсюдження і т.п. (П) 2008
300 ## - Фізичний опис
Обсяг 352 с.
520 ## - Резюме і т.п.
Резюме, реферат, анотація, тощо (НП) Це одна з двох книг ("Свідомості Брама" та "Навчання в красі"), які складають разом спільну тему, присвячену духовності як одній з найхарактерніших ознак, що є приналежною винятково людині. Тема є загалом осмисленим продовженням попередніх робіт з психоетнічної екології. Саме духовність, як визначальна ознака феномену людини, посприяла виникненню оригінальної дії людства - творчості. Спочатку це була творчість як пристосування до природного довкілля, згодом вона перетворилася у протиставлення людини природному довкіллю, нині - це со-творення - спільна продумана діяльність Людства із Природою, сповнена гуманістичної духовності.
650 ## - Додаткове предметне введення – тематичний термін
Тематичний термін чи географічна назва, як елемент введення (НП) 13 Філософія розуму і духу. Метафізика духовного життя
9 (RLIN) 18599
942 ## - Додаткові елементи входу (Коха)
Тип елемента Koha Книги
Source of classification or shelving scheme Universal Decimal Classification
955 ## - Код типу видання за змістом
Код типу видання за змістом (НП) Наукові видання
Фонди
Стан вилучень Стан втрат Джерело класифікації або схеми стелажів Стан уражень Не для кредиту Код колекції Постійне місце розташування Поточне розміщення Дата придбання Джерело придбання Вартість, звичайна ціна покупки Інвентарний номер Усього замовленно Повний номер виклику Штрих-код Дата останнього перегляду Вартість, ціна заміни Ціна ефективна від Тип елемента Koha Примітка, призначена для загального доступу
    Universal Decimal Classification     Колекція Шевчука Валерія АБ - Абонемент НБ АБ - Абонемент НБ 11/05/2026 Акт №24/28.04.2026 25.00 169923   130.122:159.922 С53 169923 11/05/2026 25.00 11/05/2026 Книги З автографом автора